Newest MLB Stadiums - Statistics

General Stats
  • This quiz has been taken 12 times
  • The average score is 5 of 10
Answer Stats
Year Finished Stadium % Correct
2009 Yankee Stadium
73%
2020 Globe Life Field
64%
2009 Citi Field
55%
2006 Busch Stadium
45%
2008 Nationals Park
45%
2010 Target Field
45%
2012 LoanDepot Park
36%
2004 Petco Park
36%
2017 Truist Park
36%
2004 Citizens Bank Park
27%
No matching quizzes found
Score Distribution
Percent of People with Each Score
Percentile by Number Answered
Your Score History
You have not taken this quiz